Farming Songs - Statistics

General Stats
  • This quiz has been taken 46 times
  • The average score is 6 of 15
Answer Stats
Artist Song % Correct
John Denver Thank God I'm A Country {Boy}
93%
Velvelettes Needle In A {Haystack}
85%
Sting {Fields} of Gold
66%
Tom Jones Green Green {Grass} Of Home
63%
The Wurzels {Combine} Harvester
46%
Queen Seven Seas Of {Rye}
37%
Blur Country {House}
27%
Mock Turtles Can You {Dig} It ?
24%
Christians {Harvest} For The World
24%
Airhead Counting {Sheep}
22%
Bob Dylan {Maggies} Farm
22%
The Move {Flowers} In The Rain
17%
Creedence Clearwater Revival {Cotton} Fields
15%
Cliff Richard In The {Country}
10%
Wings {Juniors} Farm
5%
No matching quizzes found
Score Distribution
Percent of People with Each Score
Percentile by Number Answered
Your Score History
You have not taken this quiz